000 00789nam a22002417a 4500
003 UA-OsUOA
001 45051
007 ta
008 20070322b un ||||| |||| 00| 0 ukr d
100 _aПаславська А.
090 _a81"362
_bП19
942 _cBK
040 _aUA-OsUOA
_bukr
_cUA-OsUOA
_dUA-OsUOA
245 _aЗаперечення як мовна універсалія: принципи, параметри, функціонування
300 _a289 с.
955 _a2
041 _aukr
080 _a81"362
020 _a966-613-386-5
260 _aЛьвів
_bЛНУ ім. Івана Франка
_c2005
650 7 _a8 Мовознавство. Художня література. Літературознавство
_2UDC
999 _c331129
_d331129